The top 100 regeneration projects (Record no. 78552)

MARC details
000 -LEADER
fixed length control field 00721cab a22002295a 4500
001 - CONTROL NUMBER
control field L137095
008 - FIXED-LENGTH DATA ELEMENTS--GENERAL INFORMATION
fixed length control field 070314e2007 xxk 000 0 eng d
035 ## - SYSTEM CONTROL NUMBER
System control number (Sirsi) u137095
041 ## - LANGUAGE CODE
Language code of text/sound track or separate title eng
100 ## - MAIN ENTRY--PERSONAL NAME
Personal name Ross, Matt
245 04 - TITLE STATEMENT
Title The top 100 regeneration projects
260 ## - PUBLICATION, DISTRIBUTION, ETC.
Date of publication, distribution, etc. 2007
490 ## - SERIES STATEMENT
Series statement Regeneration and Renewal
Volume/sequential designation 9 March 2007, 20-36(11)
520 ## - SUMMARY, ETC.
Summary, etc. Listing of the UK's 100 most valuable physical regeneration schemes: £36 billion worth of ongoing projects from Lanarkshire to London.
590 ## - LOCAL NOTE (RLIN)
Local note KA
651 #4 - SUBJECT ADDED ENTRY--GEOGRAPHIC NAME
Geographic name United Kingdom
Chronological subdivision
690 ## - LOCAL SUBJECT ADDED ENTRY--TOPICAL TERM (OCLC, RLIN)
Topical term or geographic name as entry element PROPERTY-PROPERTY MANAGEMENT-REGENERATION
700 1# - ADDED ENTRY--PERSONAL NAME
Personal name Willis, Ben
700 1# - ADDED ENTRY--PERSONAL NAME
Personal name Grewal, Herpreet Kaur
700 1# - ADDED ENTRY--PERSONAL NAME
Personal name Jefferys, Anna
942 ## - ADDED ENTRY ELEMENTS (KOHA)
Suppress in OPAC 0
Holdings
Withdrawn status Lost status Source of classification or shelving scheme Damaged status Not for loan Home library Current library Shelving location Date acquired Total Checkouts Full call number Barcode Date last seen Copy number Price effective from Koha item type
    Dewey Decimal Classification     London London Journal article 14/03/2007   L137095 137095-1001 06/08/2019 1 06/08/2019 Journal article